000
00247nam a2200097Ia 4500
001
939971
005
20250826215237.0
008
250824s9999 xx 000 0 und d
245
0
_a
TEHLİKEDEKİ KAPLAN
_c
KELLY MİLNER HALLS
260
_b
BETA YAYINLARI
999
_c
939971
_d
939971